|
|
|
|
| LEADER |
00000nam1a2200000 4500 |
| 001 |
99698 |
| 005 |
20231031111824.0 |
| 035 |
|
|
|a (RuTPU)RU\TPU\book\107043
|
| 090 |
|
|
|a 99698
|
| 100 |
|
|
|a 20060711d1977 k y0rusy50 ca
|
| 101 |
0 |
|
|a rus
|
| 102 |
|
|
|a RU
|
| 200 |
1 |
|
|a Основные параметры природных процессов эндогенного рудообразования
|e тезисы докладов к Всесоюзному совещанию
|f СО АН СССР; Научный совет по проблемам рудообразования и металлогении Сибири; Институт геологии и геофизики; гл. ред. В. А. Кузнецов
|
| 210 |
|
|
|a Новосибирск
|d 1977-
|
| 702 |
|
1 |
|a Кузнецов
|b В. А.
|4 340
|
| 712 |
0 |
2 |
|a Сибирское отделение АН СССР
|b Научный совет по проблемам рудообразования и металлогении Сибири
|2 stltpush
|3 (RuTPU)RU\TPU\col\288
|
| 712 |
0 |
2 |
|a Институт геологии и геофизики
|2 stltpush
|3 (RuTPU)RU\TPU\col\128
|
| 712 |
1 |
2 |
|a Основные параметры природных процессов эндогенного рудообразования
|c Всесоюзное совещание
|e Новосибирск
|f 1977
|
| 801 |
|
1 |
|a RU
|b 63413507
|c 20060711
|g PSBO
|
| 801 |
|
2 |
|a RU
|b 63413507
|c 20091225
|g RCR
|
| 942 |
|
|
|c BK
|